00472nam a2200097Ia 4500008004100000245005600041300015200097650003400249999001900283952007200302180130s9999 xx 000 0 und d aRough and tumble : sensing, playing, and maturation aBook title: Somatic experience in psychoanalysis and psychotherapy : in the expressive language of the living--Acession number C20994; pages 98-112 aPSYCHOANALYSIS, PSYCHOTHERAPY c354627d354627 001040aCLbCLd2018-01-30l0r2018-01-30 00:00:00w2018-01-30yBC